000 00666nam a2200205Ia 4500
003 GCL
008 140319s9999 xx 000 0 ara d
040 _aGCL /
_cGCL
082 0 4 _a793.7
_bد ا
100 1 _aالدائرة التربوية فى دار الكتاب
245 1 0 _aاسرح وامرح الغاز والعاب متنوعة /
_cالدائرة التربوية فى دار الكتاب
260 _a[S.N] :
_bدار الكتاب اللبنانى ،
_c1985
300 _a268 ص
490 _a
650 0 4 _aالترفيه
650 0 4 _aالرياضة الذهنية
650 0 4 _aالالغاز
650 0 4 _aالمتاهات
942 _2ddc
_cBK
999 _c54960
_d54960